000 00855nam a22002417a 4500
005 20120411115531.0
008 120411t xxu||||| |||| 00| 0 eng d
010 _aENG-105084
020 _a9780415501910
_c845.00
035 _aEN-88617
037 _bDBAD/PUB
040 _aDPL
_bEng
100 _944715
245 _aA resurgent China :
_cedited by S.D.Muni [and] Tan Tai Yong
_bSouth Asian perspectives /
260 _aNew Delhi
_bRoutledge
_c2012
270 _a912 Tolstoy House,15-17 Tolstoy Marg,Connaught Place,
_bNew Delhi
_e110001
300 _ax,337p.
_c22cm(Hb)
500 _aIncludes bibliographical references and index
700 _aMuni, S.D.
_945604
700 _aYong, Tan Tai
_945608
942 _2ddc
_cEN
_mRES
999 _c65493
_d65493